| 000 | 00605nam a2200193Ia 4500 | ||
|---|---|---|---|
| 003 | GCL | ||
| 008 | 140319s9999 xx 000 0 ara d | ||
| 040 |
_aGCL / _cGCL |
||
| 082 | 0 | 4 |
_a551.6403 _bم ق |
| 100 | 1 | _aمحمد جواد على | |
| 245 | 1 | 0 |
_aالقاموس البحرى / _cمحمد جواد على |
| 300 | _a245 ص | ||
| 490 |
_aالهيئة العامة للاستعلامات _v0 |
||
| 650 | 0 | 4 | _aالاحياء المائية |
| 650 | 0 | 4 | _aالبحار، علم |
| 650 | 0 | 4 | _aالاحياء المائية، علم |
| 650 | 0 | 4 | _aالبحار، علم - قواميس |
| 942 |
_2ddc _cBK |
||
| 999 |
_c48497 _d48497 |
||